| 000 | 00543nam a2200193Ia 4500 | ||
|---|---|---|---|
| 003 | OSt | ||
| 005 | 20260429104547.0 | ||
| 020 | _a978-0-19-876574-5 | ||
| 040 | _cLC | ||
| 050 | _aKD 3395 .M 66 2003 | ||
| 100 | _aMONTGOMERY, JONATHAN | ||
| 245 | 0 | _aHEALTH CARE LAW | |
| 250 | _a2 | ||
| 260 |
_aNEW YORK, _bOXFORD UNIVERSITY PRESS, _c2003, |
||
| 300 | _aXIViii, 515 P, ILL | ||
| 500 | _aINCLUDES INDEX | ||
| 650 | _a1. Medical laws and legislation - Great Britain 2. Medical care-Law and legislation-Great Britain | ||
| 942 |
_cBK _2lcc |
||
| 999 |
_c162996 _d162996 |
||